000
00297nam a22001097a 4500
008
140218t xxu||||| |||| 00| 0 eng d
020
_a
0-9755860-0-9
100
_a
Anwar Dil
_9
741
245
_a
Intercultural Education
_b
reminiscences of U.S. International University
300
_a
432
942
_2
ddc
_c
BK
999
_c
16998
_d
16998